| 000 | 00954nam a22002657a 4500 | ||
|---|---|---|---|
| 999 |
_c22617 _d22617 |
||
| 003 | AR-CdUCM | ||
| 008 | 190409b ||||| |||| 00| 0 spa d | ||
| 020 | _a9786124453144 | ||
| 040 |
_aMUNICIPALIDAD PROVINCIAL DEL CUSCO _cBIBLIOTECA MUNICIPAL DEL CUSCO |
||
| 082 |
_a324.985/A93 _bA93 |
||
| 100 |
_aAyala, Henry _948675 |
||
| 245 |
_aUna elección extraordinaria : _banálisis de las elecciones congresales de 2020 / _cHenry Ayala, Penélope Brou, Manuel Ponte |
||
| 260 |
_aLima : _bJurado Nacional de Elecciones, _c2021. |
||
| 300 |
_a415 páginas. : _bilustraciones ; _c23 cm. |
||
| 650 |
_aElecciones _91677 |
||
| 650 |
_aParticipación ciudadana _94011 |
||
| 650 |
_aVotación _948652 |
||
| 650 |
_aPolítica y gobierno _92693 |
||
| 650 |
_aSiglo XXI _948674 |
||
| 700 |
_aBrou, Penélope _948676 |
||
| 700 |
_aPonte, Manuel _948677 |
||
| 710 |
_aJurado Nacional de Elecciones _tentidad editora _948650 |
||
| 942 |
_2ddc _cLIBROS |
||
| 945 | _arac | ||